Deutsche Baukunst : Geschichte - Stile - Künstler /
Uložené v:
| Hlavný autor: | |
|---|---|
| Médium: | Kniha |
| Jazyk: | German |
| Vydavateľské údaje: |
Augsburg :
Verlag,
1990
|
| Predmet: | |
| Tagy: |
Žiadne tagy, Buďte prvý, kto otaguje tento záznam!
|
MARC
| LEADER | 00000nam a22000003a 4500 | ||
|---|---|---|---|
| 001 | 0015225 | ||
| 003 | SK-STU | ||
| 005 | 20160614145214.0 | ||
| 007 | ta | ||
| 008 | 160614s ----xo-----e------000-0-----d | ||
| 020 | |a 3-8112-0677-X | ||
| 040 | |a STU |b slo | ||
| 041 | 0 | |a ger | |
| 044 | |a gw | ||
| 100 | 1 | |a Hermann Schröder, Julius |4 aut |r Z6 | |
| 245 | 1 | 0 | |a Deutsche Baukunst : |b Geschichte - Stile - Künstler / |c aut. Julius Hermann Schröder |
| 260 | |a Augsburg : |b Verlag, |c 1990 | ||
| 300 | |a 191 s. | ||
| 650 | 0 | 7 | |a Nemecko |
| 650 | 0 | 7 | |a architektúra |
| 650 | 0 | 7 | |a architektonický detail |
| 650 | 0 | 7 | |a pôdorysy |
| 650 | 0 | 7 | |a sakrálna architektúra |
| 650 | 0 | 7 | |a Germany |
| 650 | 0 | 7 | |a architectural detail |
| 650 | 0 | 7 | |a footprint |
| 650 | 0 | 7 | |a religious architecture |
| 996 | |b 284AU06729 |c A* 9805/U |l AAKNAR |s A |a 24 |w 0015225_0001 | ||